| 000 | 00515nam a2200181 a 4500 | ||
|---|---|---|---|
| 005 | 20140310183550.0 | ||
| 008 | 111013s19uu xx 00 eng d | ||
| 020 | _a9781111953812 | ||
| 050 |
_aTK 7868.L6 _b.L477 2011 |
||
| 100 | _aLee, Sunggu | ||
| 245 |
_aIntroduction to VHDL / _cSunggu Lee. |
||
| 260 |
_aAustralia : _bCengage Learning, _c2011. |
||
| 300 |
_a127 p. : _bill. ; _c23 cm. |
||
| 521 | _aIT | ||
| 546 | _aC13744 | ||
| 650 | _aVHDL (computer hardware description language) | ||
| 942 |
_cBK _2lcc _kFOR |
||
| 999 |
_c24939 _d24939 |
||